<?xml version="1.0" encoding="UTF-8"?>
<record
    xmlns:xsi="http://www.w3.org/2001/XMLSchema-instance"
    xsi:schemaLocation="http://www.loc.gov/MARC21/slim http://www.loc.gov/standards/marcxml/schema/MARC21slim.xsd"
    xmlns="http://www.loc.gov/MARC21/slim">

  <leader>01082nam a2200265 i 4500</leader>
  <controlfield tag="001">bg</controlfield>
  <datafield tag="100" ind1="1" ind2=" ">
    <subfield code="a">BOROWICZ, Tadeusz</subfield>
  </datafield>
  <datafield tag="245" ind1="1" ind2="0">
    <subfield code="a">Metoda element&#xF3;w sko&#x144;czonych :</subfield>
    <subfield code="b">podstawy rozwi&#x105;zywania konstrukcji pr&#x119;towych : konspekt wyk&#x142;ad&#xF3;w i &#x107;wicze&#x144; /</subfield>
    <subfield code="c">Tadeusz Borowicz, Micha&#x142; Buczkowski, Waldemar Szaniec.</subfield>
  </datafield>
  <datafield tag="260" ind1=" " ind2=" ">
    <subfield code="a">Kielce :</subfield>
    <subfield code="b">Dzia&#x142; Wydawnictw P&#x15A;,</subfield>
    <subfield code="c">1993</subfield>
    <subfield code="e">(Kiel. :</subfield>
    <subfield code="f">P&#x15A;).</subfield>
  </datafield>
  <datafield tag="300" ind1=" " ind2=" ">
    <subfield code="a">101 s. :</subfield>
    <subfield code="b">rys., wykr. ;</subfield>
    <subfield code="c">24 cm.</subfield>
  </datafield>
  <datafield tag="490" ind1="1" ind2=" ">
    <subfield code="a">Materia&#x142;y Pomocnicze i Informacyjne Politechniki &#x15A;wi&#x119;tokrzyskiej,</subfield>
    <subfield code="x">0239-6394 ;</subfield>
    <subfield code="v">nr 32</subfield>
  </datafield>
  <datafield tag="650" ind1=" " ind2="9">
    <subfield code="a">Metoda element&#xF3;w sko&#x144;czonych</subfield>
    <subfield code="x">stosowanie</subfield>
    <subfield code="x">technika</subfield>
  </datafield>
  <datafield tag="650" ind1=" " ind2="9">
    <subfield code="a">Pr&#x119;ty</subfield>
    <subfield code="x">konstrukcje</subfield>
    <subfield code="x">mechanika</subfield>
  </datafield>
  <datafield tag="650" ind1=" " ind2="9">
    <subfield code="a">R&#xF3;wnania algebraiczne</subfield>
    <subfield code="x">stosowanie</subfield>
    <subfield code="x">technika</subfield>
  </datafield>
  <datafield tag="655" ind1=" " ind2=" ">
    <subfield code="a">Podr&#x119;czniki akademickie</subfield>
  </datafield>
  <datafield tag="700" ind1="1" ind2=" ">
    <subfield code="a">BUCZKOWSKI, Micha&#x142;</subfield>
  </datafield>
  <datafield tag="700" ind1="1" ind2=" ">
    <subfield code="a">SZANIEC, Waldemar</subfield>
  </datafield>
  <datafield tag="830" ind1=" " ind2=" ">
    <subfield code="a">Materia&#x142;y Pomocnicze i Informacyjne Politechniki &#x15A;wi&#x119;tokrzyskiej,</subfield>
    <subfield code="x">0239-6394 ;</subfield>
  </datafield>
  <datafield tag="015" ind1=" " ind2=" ">
    <subfield code="a">PB 4159/93</subfield>
  </datafield>
  <datafield tag="040" ind1=" " ind2=" ">
    <subfield code="c">BPK</subfield>
  </datafield>
  <datafield tag="041" ind1="0" ind2=" ">
    <subfield code="a">pl</subfield>
  </datafield>
  <datafield tag="080" ind1=" " ind2=" ">
    <subfield code="a">624.01/.07:512.6](075.8)</subfield>
  </datafield>
  <datafield tag="942" ind1=" " ind2=" ">
    <subfield code="c">KS</subfield>
  </datafield>
  <controlfield tag="008">      s        pl     f     |000 0 pol  </controlfield>
  <datafield tag="999" ind1=" " ind2=" ">
    <subfield code="c">6335</subfield>
    <subfield code="d">6335</subfield>
  </datafield>
  <datafield tag="856" ind1=" " ind2=" ">
    <subfield code="u">http://koha.tu.koszalin.pl/cgi-bin/koha/opac-detail.pl?biblionumber=6335</subfield>
    <subfield code="y">Katalog online BPK</subfield>
  </datafield>
  <datafield tag="952" ind1=" " ind2=" ">
    <subfield code="0">0</subfield>
    <subfield code="1">0</subfield>
    <subfield code="4">0</subfield>
    <subfield code="7">0</subfield>
    <subfield code="a">BPK</subfield>
    <subfield code="b">BPK</subfield>
    <subfield code="c">w</subfield>
    <subfield code="o">P 47055</subfield>
    <subfield code="p">01357585</subfield>
    <subfield code="s">2017-02-22</subfield>
    <subfield code="y">KS</subfield>
  </datafield>
</record>
